00350 a2200133 450000100060000002000150000604000220002110000320004324000510007524500460012630000110017236200090018365000240019258732 a8535702628 cAnchieta - Pituba aCarmo, Sonia Irene Silva do10aDa pré-história à sociedade freudallpor10aDa pré-história à sociedade freudal a224/310 a2002 4aHistória do mundo